00732nam a22001935i 450000100060000000300090000600500170001500700030003200800410003504000200007610000360009624501030013226000570023530000290029250000660032165000180038771000500040585200830045553371ES-MaACL20250723100701.0t|950922s1895 sp ||||1| spa d aCAM bspa cCAM1 aEscribano y García, Víctor.10aAnatomía y patología de los apéndices del testículo / cpor Víctor Escribano y García. aMadrid : b[s.n.], c1895 (fEsc. Tip. del Hospicio) a68 p. : bil. ; c23 cm. aPrecede al tít.: Facultad de Medicina, tesis del doctorado. 4aTestículos.20aUniversidad de Madrid. bFacultad de Medicina aES-MaACLjT-856-F-9 z.- Enc. en un vol. facticio conservando la enc. original